000 00710nam a2200205 a 4500
001 BRCA_1118
005 20190320203304.0
008 750623s1946 mx-a---###---#000-0#spa-#
050 4 _aBS2453
_b.V35 1946
100 1 _aValle, Rafael Heliodoro
_d1891-1959
_93134
245 1 0 _aSantiago en América
_cpor Rafael Heliodoro Valle ; presentación de Manuel Septién y Septién.
260 _aMéxico
_bSantiago de Querétaro
_c1946
300 _aviii, 136 p.
_bil. (algunas a color)
_c23 cm.
500 _aAntología: p. 99-136
504 _aBibliografía: p. 91-95
600 1 4 _aJames
_cEl Gran, Santo
_93690
650 1 4 _aSantiago San Apostol
_93691
700 1 _aSeptién y Septién, Manuel
_93692
942 _2lcc
_cB
999 _c997
_d997